| 000 | 01034cam a2200253 i 4500 | ||
|---|---|---|---|
| 003 | SA-RiAUC | ||
| 005 | 20250603140718.0 | ||
| 008 | 250602s2002 su g 000k0 ara c | ||
| 020 | _a9960916715 | ||
| 040 |
_aSA-JeALM _bara _cSA-RiAUC _dKAC _erda |
||
| 082 | 0 | 4 |
_a237.3 _qSA-RiAUC |
| 090 |
_a237.3 _bس ع د |
||
| 100 | 1 |
_aالسعدي، حسين بن عبد الله الموجان، _d1348-1395 هجري _eمؤلف. |
|
| 245 | 1 | 0 |
_aمعذرة المؤمنين إلى رب العالمين في الدعاء والأذكار / _cحسين بن عبد الله الموجان السعدي. |
| 250 |
_aالطبعة الثالثة. _bمزيده ومنقحة |
||
| 264 | 1 |
_aجدة، السعودية : _bكنوز المعرفة، _c2002 |
|
| 300 |
_a644 صفحة ؛ _c24 سم |
||
| 336 |
_aنص _btxt _2rdacontent _3كتاب |
||
| 337 |
_aبدون وسيط _bn _2rdamedia |
||
| 338 |
_aمجلد _bnc _2rdacarrier |
||
| 650 | 7 |
_aالأدعية والأوراد _2aucsh |
|
| 942 |
_2ddc _cBOOK _n0 |
||
| 949 |
_aSA-JeALM _d250602 _uosman123 _n1 |
||
| 999 |
_c8714 _d8714 |
||